Statistics for Four Countries with Similar Flags #2

Click here to take the quiz!

General Stats

  • This quiz has been taken 10,085 times
  • The average score is 12 of 16

Answer Stats

Answer% Correct
Austria
95%
Poland
95%
Egypt
89%
Iraq
88%
Indonesia
86%
Monaco
85%
Syria
83%
Lithuania
74%
Ghana
73%
Yemen
70%
United Arab Emirates
70%
Ethiopia
69%
Jordan
66%
Kuwait
66%
Sudan
53%
Bolivia
48%

Score Distribution

Percentile by Number Answered

Percent of People with Each Score

Your Score History

You have not taken this quiz